[Event "Berlin Lichtenberger op 10th"]
[Site "Berlin"]
[Date "2011.08.20"]
[Round "8"]
[White "Fischer, Daniel2222"]
[Black "Scholz, Ralf Dieter"]
[Result "1-0"]
[WhiteElo "2109"]
[BlackElo "1896"]
[PlyCount "63"]
[EventDate "2011.08.13"]
[EventType "swiss"]
[EventRounds "9"]
[EventCountry "GER"]
[SourceTitle "CBM 143 Extra"]
[Source "ChessBase"]
[SourceDate "2011.08.29"]
[SourceVersion "1"]
[SourceVersionDate "2011.08.29"]
[SourceQuality "1"]

1. c4 f5 2. g3 Nf6 3. Bg2 e5 4. d4 exd4 5. Qxd4 Bb4+ 6. Bd2 Bxd2+ 7. Nxd2 0-0 8. Nh3 Nc6 9. Qc3 Qe7 10. Nf4 Re8 11. 0-0 Ne5 12. e4 fxe4 13. Nxe4 c6 14. Rfe1 Nxe4 15. Rxe4 d6 16. Rae1 Bf5 17. R4e3 Qd7 18. c5 g6 19. cxd6 Nf7 20. Re7 Rxe7 21. dxe7 Re8 22. Qe3 a6 23. h3 Qd6 24. g4 Bc8 25. Nd3 Qf6 26. Nc5 Qxb2 27. Nxa6 Qe5 28. Qxe5 Nxe5 29. Rxe5 Kf7 30. Nc5 Rxe7 31. Rxe7+ Kxe7 32. f4 1-0

[Event "Berlin Lichtenberger op 10th"]
[Site "Berlin"]
[Date "2011.08.19"]
[Round "7"]
[White "Scholz, Ralf Dieter"]
[Black "Lehmann, Tornalf"]
[Result "1-0"]
[WhiteElo "1896"]
[BlackElo "1637"]
[PlyCount "143"]
[EventDate "2011.08.13"]
[EventType "swiss"]
[EventRounds "9"]
[EventCountry "GER"]
[SourceTitle "CBM 143 Extra"]
[Source "ChessBase"]
[SourceDate "2011.08.29"]
[SourceVersion "1"]
[SourceVersionDate "2011.08.29"]
[SourceQuality "1"]

1. c4 e5 2. Nc3 Nf6 3. g3 d5 4. cxd5 Nxd5 5. Bg2 Nb6 6. Nf3 Nc6 7. 0-0 Be7 8. a3 a5 9. d3 0-0 10. Be3 Nd7 11. Qc2 Nf6 12. Nb5 Ng4 13. Bc5 Re8 14. Rac1 Bd7 15. Bxe7 Rxe7 16. Qc5 b6 17. Qc4 Rc8 18. Ng5 Nd4 19. Nxd4 exd4 20. Bd5 Be8 21. Nf3 Nf6 22. Bb7 Rb8 23. Bc6 Bxc6 24. Qxc6 Rc8 25. Rc2 Re6 26. Qc4 Rd6 27. Ne5 Rd5 28. Nc6 Qd6 29. b4 axb4 30. axb4 Ra8 31. Rd1 b5 32. Qb3 Rf5 33. Qb2 Rd5 34. Rdc1 Ng4 35. Ra1 Re8 36. Qc1 Qf6 37. Qf4 Qxf4 38. gxf4 Rd6 39. h3 Nf6 40. Ra7 Nd5 41. Nxd4 Nxb4 42. Rcxc7 Rxd4 43. Rxf7 Nc2 44. Rxg7+ Kh8 45. Rxh7+ Kg8 46. Rhc7 Rb8 47. f5 Rd6 48. Rxc2 b4 49. Rb2 b3 50. Ra3 Rdb6 51. e4 Kf7 52. f4 Rb4 53. Kf2 Rh8 54. Raxb3 Rxb3 55. Rxb3 Rxh3 56. e5 Rh2+ 57. Ke3 Rh3+ 58. Ke4 Ke7 59. Rb7+ Kd8 60. f6 Kc8 61. Rg7 Rh8 62. e6 Re8 63. f5 Kd8 64. f7 Rf8 65. Rg8 Rxg8 66. fxg8Q+ Kc7 67. Kd5 Kb6 68. e7 Kb5 69. Qb8+ Ka4 70. e8Q+ Ka3 71. Qeb5 Ka2 72. Qb2# 1-0

[Event "Berlin Lichtenberger op 10th"]
[Site "Berlin"]
[Date "2011.08.17"]
[Round "5"]
[White "Scholz, Ralf Dieter"]
[Black "Rausch, Erik"]
[Result "1-0"]
[WhiteElo "1896"]
[BlackElo "1821"]
[PlyCount "60"]
[EventDate "2011.08.13"]
[EventType "swiss"]
[EventRounds "9"]
[EventCountry "GER"]
[SourceTitle "CBM 143 Extra"]
[Source "ChessBase"]
[SourceDate "2011.08.29"]
[SourceVersion "1"]
[SourceVersionDate "2011.08.29"]
[SourceQuality "1"]

1. c4 e6 2. Nf3 d5 3. e3 Nf6 4. b3 Bd6 5. Bb2 0-0 6. Qc2 Nbd7 7. d4 c6 8. Bd3 h6 9. Nbd2 Re8 10. Ne5 Nf8 11. 0-0 Qc7 12. Ndf3 Bd7 13. h4 Rac8 14. g4 h5 15. gxh5 Nxh5 16. Ng5 f5 17. Ngf7 Bxe5 18. Nxe5 Qd8 19. Kg2 Re7 20. Ba3 Re8 21. Rh1 Nh7 22. Rag1 N7f6 23. f3 Kh7 24. Kf1 Rg8 25. Nf7 Qa5 26. Bd6 Be8 27. Ng5+ Kh8 28. Nxe6 Bf7 29. Bxf5 Rce8 30. Ng5 Ref8 1-0

[Event "Berlin Lichtenberger op 10th"]
[Site "Berlin"]
[Date "2011.08.16"]
[Round "4"]
[White "Burger, Heinrich"]
[Black "Scholz, Ralf Dieter"]
[Result "1-0"]
[WhiteElo "2166"]
[BlackElo "1896"]
[PlyCount "41"]
[EventDate "2011.08.13"]
[EventType "swiss"]
[EventRounds "9"]
[EventCountry "GER"]
[SourceTitle "CBM 143 Extra"]
[Source "ChessBase"]
[SourceDate "2011.08.29"]
[SourceVersion "1"]
[SourceVersionDate "2011.08.29"]
[SourceQuality "1"]

1. d4 Nf6 2. c4 e6 3. g3 c5 4. d5 exd5 5. cxd5 d6 6. Bg2 g6 7. Nc3 Qb6 8. Nf3 Bg7 9. 0-0 0-0 10. e4 Re8 11. Re1 Nbd7 12. h3 a6 13. Qc2 Rb8 14. Bf4 Qc7 15. a4 b5 16. axb5 axb5 17. Bf1 c4 18. Nd4 b4 19. Ncb5 Qb6 20. Bxd6 Rb7 21. Qxc4 1-0

[Event "Potsdam Christmas 35th"]
[Site "Potsdam"]
[Date "2010.12.30"]
[Round "7.19"]
[White "Scholz, Ralf Dieter"]
[Black "Rosenau, Sven"]
[Result "1/2-1/2"]
[WhiteElo "1898"]
[BlackElo "1945"]
[PlyCount "73"]
[EventDate "2010.12.27"]
[EventType "swiss"]
[EventRounds "7"]
[EventCountry "GER"]
[SourceTitle "EXT 2022"]
[Source "ChessBase"]
[SourceDate "2021.10.06"]
[SourceVersion "1"]
[SourceVersionDate "2021.10.06"]
[SourceQuality "1"]

1. e4 d6 2. g3 Nf6 3. Bg2 c6 4. d4 Nbd7 5. Ne2 e5 6. c3 Qc7 7. 0-0 Be7 8. f4 0-0 9. Qc2 b6 10. Nd2 c5 11. d5 Ba6 12. c4 b5 13. cxb5 Bxb5 14. Nc4 Bxc4 15. Qxc4 Qa5 16. Qc3 Qb5 17. Rf2 Ng4 18. Bf1 Nxf2 19. Kxf2 Rab8 20. f5 Nf6 21. Qf3 Qb4 22. Nc3 Qd4+ 23. Kg2 Bd8 24. Be2 Bb6 25. Be3 Qb4 26. Rb1 Rfc8 27. a3 Qa5 28. Bc1 c4 29. Bd2 Bd4 30. Bd1 Nd7 31. Qg4 Kh8 32. Qh5 Kg8 33. Qg4 Qd8 34. h4 Kh8 35. h5 h6 36. Qe2 Nc5 37. Bc2 1/2-1/2

[Event "Potsdam Christmas 35th"]
[Site "Potsdam"]
[Date "2010.12.28"]
[Round "4.14"]
[White "Schrodt, Sebastian"]
[Black "Scholz, Ralf Dieter"]
[Result "1-0"]
[WhiteElo "2085"]
[BlackElo "1898"]
[PlyCount "159"]
[EventDate "2010.12.27"]
[EventType "swiss"]
[EventRounds "7"]
[EventCountry "GER"]
[SourceTitle "EXT 2022"]
[Source "ChessBase"]
[SourceDate "2021.10.06"]
[SourceVersion "1"]
[SourceVersionDate "2021.10.06"]
[SourceQuality "1"]

1. Nf3 Nf6 2. g3 g6 3. Bg2 Bg7 4. 0-0 0-0 5. c4 c5 6. Nc3 Nc6 7. b3 Ne4 8. Bb2 d6 9. Qc2 Bf5 10. Nxe4 Bxe4 11. Qxe4 Bxb2 12. Rab1 Bg7 13. e3 e5 14. a3 a5 15. Rfd1 Rb8 16. h4 h6 17. Qg4 Qe8 18. h5 g5 19. e4 Rd8 20. Bh3 Kh8 21. Kg2 Qe7 22. Rh1 Rg8 23. Rh2 b6 24. Rbh1 Bf6 25. d3 Rg7 26. Nd2 Nd4 27. Nf1 Rgg8 28. Ne3 Bg7 29. Nd5 Qa7 30. Rb1 Nc6 31. Qf5 Nd4 32. Qg4 Nc6 33. Qf5 Rgf8 34. Nf6 Bxf6 35. Qxf6+ Kg8 36. Bf5 Ne7 37. Qxh6 Nxf5 38. Qxg5+ Ng7 39. h6 f6 40. Qxg7+ Qxg7 41. hxg7 Kxg7 42. Rbh1 Kf7 43. Rh7+ Ke6 44. Rb7 Rb8 45. Rhh7 Rfe8 46. Rhe7+ Rxe7 47. Rxb8 Ra7 48. a4 Ra6 49. Rb7 Ra8 50. g4 Rg8 51. f3 Ra8 52. Rh7 Rb8 53. Kg3 Rg8 54. Kh4 Rf8 55. Kh5 Rb8 56. Kg6 Rg8+ 57. Kh6 Rb8 58. Kh5 Rc8 59. Kh4 Rb8 60. Kg3 Rc8 61. Kg2 Rb8 62. Rg7 Rc8 63. Rb7 Rg8 64. Rxb6 Ra8 65. Rb7 Ra6 66. Kg3 Ra8 67. f4 exf4+ 68. Kxf4 Ra6 69. Ke3 Ra8 70. d4 cxd4+ 71. Kxd4 Rg8 72. Ra7 Rxg4 73. Rxa5 Rf4 74. Rb5 Rf1 75. a5 Rd1+ 76. Ke3 Ra1 77. b4 Ra3+ 78. Kf4 Ra1 79. Rb6 Rf1+ 80. Ke3 1-0

[Event "Potsdam Christmas 34th"]
[Site "Potsdam"]
[Date "2010.01.01"]
[Round "7.21"]
[White "Eichstaedt, Mirko"]
[Black "Scholz, Ralf Dieter"]
[Result "0-1"]
[WhiteElo "1575"]
[BlackElo "1885"]
[PlyCount "68"]
[EventDate "2009.12.27"]
[EventType "swiss"]
[EventRounds "7"]
[EventCountry "GER"]
[SourceTitle "EXT 2022"]
[Source "ChessBase"]
[SourceDate "2021.10.06"]
[SourceVersion "1"]
[SourceVersionDate "2021.10.06"]
[SourceQuality "1"]

1. c4 g6 2. Nc3 Bg7 3. g3 c5 4. Bg2 Nc6 5. Nf3 Nf6 6. 0-0 0-0 7. d4 cxd4 8. Nxd4 a6 9. a3 Qc7 10. Nxc6 dxc6 11. Ne4 Nxe4 12. Bxe4 Bh3 13. Bg2 Rad8 14. Qc2 Bxg2 15. Kxg2 Qe5 16. Rb1 Rd7 17. Rd1 Rxd1 18. Qxd1 Qe4+ 19. f3 Qxb1 20. Qd2 Qa2 21. Qb4 e6 22. Kf2 b5 23. cxb5 cxb5 24. b3 Qc2 25. Be3 Qc3 26. Qd6 a5 27. Bc5 Rc8 28. b4 axb4 29. axb4 Qc4 30. Qd7 Ra8 31. Qb7 Qd5 32. Qxb5 Bd4+ 33. Kg2 Bxc5 34. bxc5 Rc8 0-1

[Event "Potsdam Christmas 34th"]
[Site "Potsdam"]
[Date "2009.12.28"]
[Round "3.5"]
[White "Barna, Andre"]
[Black "Scholz, Ralf Dieter"]
[Result "1-0"]
[WhiteElo "2168"]
[BlackElo "1885"]
[PlyCount "89"]
[EventDate "2009.12.27"]
[EventType "swiss"]
[EventRounds "7"]
[EventCountry "GER"]
[SourceTitle "EXT 2022"]
[Source "ChessBase"]
[SourceDate "2021.10.06"]
[SourceVersion "1"]
[SourceVersionDate "2021.10.06"]
[SourceQuality "1"]

1. d4 g6 2. g3 Bg7 3. Bg2 d5 4. Nf3 Nf6 5. 0-0 0-0 6. c3 c6 7. Nbd2 Bf5 8. Nh4 Bg4 9. h3 Be6 10. f4 Qc8 11. Kh2 h6 12. Qc2 g5 13. fxg5 hxg5 14. Nf5 Bxf5 15. Rxf5 Nh7 16. Nf3 f6 17. h4 e6 18. Bh3 Re8 19. Ng1 exf5 20. Bxf5 Qd8 21. Bxh7+ Kh8 22. Bg6 gxh4 23. Bxe8 hxg3+ 24. Kxg3 Qxe8 25. Nf3 Nd7 26. Bf4 Nf8 27. Rh1+ Kg8 28. Kf2 Qe6 29. e3 Re8 30. Rg1 Kf7 31. Nh4 Qe4 32. Qxe4 Rxe4 33. Nf5 Ne6 34. Nd6+ Kf8 35. Nxe4 Nxf4 36. exf4 dxe4 37. f5 Bh6 38. Rh1 Kg7 39. Rh4 e3+ 40. Kf3 Bg5 41. Re4 Kf7 42. c4 Bh6 43. Rh4 Kg7 44. d5 Bg5 45. Re4 1-0

[Event "Berlin Lichtenberger op 6th"]
[Site "Berlin"]
[Date "2007.??.??"]
[Round "?"]
[White "Glantz, Robert"]
[Black "Scholz, Ralf Dieter"]
[Result "1-0"]
[WhiteElo "2001"]
[BlackElo "1965"]
[PlyCount "111"]
[EventDate "2007.08.18"]
[EventType "swiss"]
[EventRounds "9"]
[EventCountry "GER"]
[SourceTitle "CBM 120 Extra"]
[Source "ChessBase"]
[SourceDate "2007.11.01"]
[SourceVersion "1"]
[SourceVersionDate "2007.11.01"]
[SourceQuality "1"]

1. e4 c5 2. Nf3 Nc6 3. Bb5 g6 4. Bxc6 bxc6 5. 0-0 Bg7 6. Re1 e5 7. c3 Qb6 8. Na3 Ba6 9. d3 Ne7 10. Rb1 0-0 11. b4 cxb4 12. cxb4 Rfe8 13. Nc4 Qc7 14. Qb3 Rab8 15. Bb2 d6 16. a3 h6 17. Ne3 Qb6 18. Nc4 Qc7 19. a4 Bc8 20. Rbc1 Be6 21. Qc3 Rec8 22. Nfd2 g5 23. Na5 Qb6 24. Ba3 d5 25. Ndb3 dxe4 26. dxe4 Bxb3 27. Nxb3 Qd8 28. Red1 Qe8 29. Qc5 Rb7 30. g3 f5 31. Na5 Rbc7 32. Bb2 fxe4 33. Bxe5 Bxe5 34. Qxe5 Qg6 35. Rd6 Qh7 36. Qe6+ Qf7 37. Qxe4 Nf5 38. Rdxc6 Re8 39. Qc4 Rxc6 40. Qxf7+ Kxf7 41. Nxc6 Re4 42. Rc5 Kf6 43. Ra5 Rc4 44. b5 g4 45. Rxa7 h5 46. a5 h4 47. gxh4 Nxh4 48. Kf1 Rc1+ 49. Ke2 Rc2+ 50. Ke3 Ng2+ 51. Ke4 Re2+ 52. Kd4 Rxf2 53. b6 Rf4+ 54. Kc5 Ke6 55. b7 Ne1 56. Nd4+ 1-0

[Event "Berlin Lichtenberger op 6th"]
[Site "Berlin"]
[Date "2007.??.??"]
[Round "?"]
[White "Prix, Siegfried"]
[Black "Scholz, Ralf Dieter"]
[Result "1/2-1/2"]
[WhiteElo "1761"]
[BlackElo "1965"]
[PlyCount "96"]
[EventDate "2007.08.18"]
[EventType "swiss"]
[EventRounds "9"]
[EventCountry "GER"]
[SourceTitle "CBM 120 Extra"]
[Source "ChessBase"]
[SourceDate "2007.11.01"]
[SourceVersion "1"]
[SourceVersionDate "2007.11.01"]
[SourceQuality "1"]

1. e4 c5 2. c4 Nc6 3. Nf3 g6 4. d4 cxd4 5. Nxd4 Bg7 6. Be3 d6 7. Be2 Nf6 8. Nc3 0-0 9. 0-0 Bd7 10. f4 Qb6 11. Qd2 Nxe4 12. Nxe4 Bxd4 13. Bxd4 Nxd4 14. Kh1 Bc6 15. Bd3 f5 16. Nc3 Qc5 17. Rae1 Rfe8 18. Qf2 e5 19. fxe5 dxe5 20. Ne2 Rad8 21. b3 b6 22. Bb1 Bb7 23. Qg3 Kh8 24. h4 Qc6 25. Nc3 Qc5 26. Qg5 Qe7 27. Qh6 Rd6 28. Re3 Rg8 29. Rg3 e4 30. Qf4 Rgd8 31. Qh6 Rg8 32. Qf4 Re6 33. Rd1 Qg7 34. Qe3 Nc6 35. Nd5 Rd6 36. Qf4 Qe5 37. Qg5 Nd8 38. Qe3 f4 39. Rg5 Rxd5 40. cxd5 fxe3 41. Rxe5 e2 42. Re1 Ba6 43. Bxe4 Nf7 44. Re7 Nd6 45. Bf3 Nf5 46. Rxa7 Bd3 47. Kg1 Nd4 48. Rc7 Rd8 1/2-1/2